000 005060000a22001810004500
003 MACL
005 20160401115928.0
008 160401b xxu||||| |||| 00| 0 eng d
040 _aMACL
_cMACL
041 _aHindi
082 _a350
100 _aभूषण चन्‍द्र
_949520
245 _aकारगिल के शाहीद
260 _bअनु प्रकाशन
_c2007
_aगाजियाबाद
350 _a300
650 _aPublic
_949521
942 _cHIN
_k355
_2ddc
999 _c10360
_d10360